Statystyki dla Państwa leżące nad Morzem Czerwonym

Kliknij tutaj aby rozwiązać quiz!

Ogólne statystyki

  • Ten quiz został rozwiązany 385 razy
  • Średni wynik to 6 z 8

Statystyki odpowiedzi

Państwo% Poprawnych
Egipt
96%
Arabia Saudyjska
94%
Izrael
87%
Jemen
85%
Sudan
72%
Jordania
70%
Erytrea
68%
Dżibuti
59%

Rozkład punktacji

Percentyl według liczby udzielonych odpowiedzi

Procent ludzi z każdym wynikiem

Twoja historia wyników

Nie rozwiązałeś tego quizu